| 000 | 01019nam a22001697a 4500 | ||
|---|---|---|---|
| 003 | OSt | ||
| 005 | 20251124155912.0 | ||
| 008 | 251108b |||||||| |||| 00| 0 eng d | ||
| 040 | _cDCL | ||
| 082 | _a၂၉၄.၃၈၂၃၃၂ | ||
| 130 |
_aတိပိဋက။ _pသုတ္တန္တပိဋက။ _pသံယုတ္တနိကာယ။ _tခန္ဓဝဂ္ဂသံယုတ်၊ _lပါဠိတော်၊ _sနိဿယ။ |
||
| 245 |
_aသံယုတ္တပါဠိတော်နိဿယ၊ _nတတိယတွဲ ၊ _bခန္ဓဝဂ္ဂသံယုတ် ပါဠိတော်နိဿယ။ |
||
| 264 |
_aရန်ကုန် ၊ _bနိုင်ငံတော်ဗုဒ္ဓသာသနာအဖွဲ့၊ _c၁၉၆၆။ |
||
| 300 |
_aစီ၊ ၂၅၃ စာမျက်နှာ ၊ _c၂၆ စင်တီ။ |
||
| 650 |
_aခန္ဓဝဂ္ဂသံယုတ္တ _vပါဠိတော် နိဿယ။ |
||
| 942 |
_2ddc _cSHORT TERM _n0 |
||
| 999 |
_c2440 _d2440 |
||